Strongest Guts and Blackpowder Guns - Statistics

General Stats
  • This quiz has been taken 70 times
  • The average score is 5 of 8
Answer Stats
Damage Gun % Correct
250 Damage Nock Gun
100%
195 Damage Rifle
83%
120 Damage Musket
80%
95 Damage Carbine
72%
85 Damage Pistol
67%
85 Damage Horse Artillery Pistol
46%
75 Damage Double Barrel Pistol
44%
65 Damage Air Rifle
39%
No matching quizzes found
Score Distribution
Percent of People with Each Score
Percentile by Number Answered
Your Score History
You have not taken this quiz